000 01095nam a2200313 a 4500
001 24645
003 CO-ViMGA
005 20230915232011.0
008 141112s2004 ck r 000 u spa d
015 _ack - 2002 - xxxx
020 _a958648291X
035 _aAHH9249 LA
040 _aCO-ViMGA
_bspa
_cCO-ViMGA
041 _aspa
082 0 4 _a658 F56c
100 1 _aFlórez Andrade, Julio.
_936716
245 1 0 _aCómo crear y dirigir la nueva empresa /
_cJulio Florez Andrade.
250 _a2a. ed.
260 _aBogotá :
_bEcoe Ediciones,
_c2002.
300 _axvii, 198 p. : il. ; 25 cm.
490 _aColección textos universitarios. Economía, administracióni y finanzas
500 _aGlosario : p. 191 - 198.
504 _aIncluye bibliografía.
650 1 4 _aAdministración de empresas
_92735
650 1 4 _aCambio organizacional
942 _2ddc
_cBK
949 _ac n
999 _c32457
_d32457